Entrada Nombre personal
Número de registros utilizados en: 1
001 - NÚMERO DE CONTROL
003 - IDENTIFICADOR DEL NÚMERO DE CONTROL
- campo de control:
DR-UNIBE
005 - FECHA Y HORA DE LA ÚLTIMA TRANSACCIÓN
- campo de control:
20251203110426.0
008 - DATOS DE LONGITUD FIJA
- campo de control de longitud fija:
251203|| aca||aabn | a|a d
040 ## - FUENTE DE LA CATALOGACIÓN
- Centro catalogador/agencia de origen:
DR-UNIBE
- Centro/agencia transcriptor:
DR-UNIBE
100 ## - ENCABEZAMIENTO-NOMBRE DE PERSONA
- Nombre de persona:
Niswonger, C. Rollin
- Forma completa/desarrollada del nombre:
(Clifford Rollin),
- Fechas asociadas al nombre:
1907-1980
670 ## - FUENTE DE DATOS ENCONTRADOS
- Cita de la fuente:
Work cat.: (DR-UNIBE)114262: Noble, Howard S. (Howard Scott), 1893-1964 autor 201220, Accounting principles /, 1957